|
|
|
|
| LEADER |
00000nam a2200000 a 4500 |
| 001 |
vtls010575560 |
| 003 |
SK-MaSNL |
| 005 |
20260302013144.0 |
| 007 |
co cg auuua |
| 008 |
240318s2013 xo | fsp 000 0 slo |
| 015 |
|
|
|a SNBS2015
|
| 020 |
|
|
|a 9788055802558
|q (elektronická kniha)
|
| 040 |
|
|
|a SNK
|b slo
|c SNK
|e AACR2
|
| 041 |
0 |
|
|a slo
|
| 044 |
|
|
|a xo
|c SK
|
| 072 |
|
7 |
|a 005
|x Manažment. Riadenie
|2 konspekt
|
| 080 |
|
|
|a 005
|2 2001
|
| 080 |
|
|
|a (075.8)
|2 2001
|
| 080 |
|
|
|a (0.034.44)
|2 2001
|
| 100 |
1 |
|
|a Vörösová, Gabriela,
|d 1953-
|4 aut
|9 12123
|
| 245 |
1 |
0 |
|a Základy manažmentu
|h elektronický zdroj
|c Gabriela Vörösová
|
| 250 |
|
|
|a Vyd.: prvé
|
| 260 |
|
|
|a Nitra
|b Univerzita Konštantína Filozofa, Fakulta sociálnych vied a zdravotníctva
|c 2013
|
| 300 |
|
|
|a 1 elektronický optický disk (DVD-ROM)
|b fareb.
|c 12 cm
|
| 500 |
|
|
|a Názov z titulnej obrazovky
|
| 504 |
|
|
|a Bibliogr. odkazy
|
| 516 |
|
|
|a Textový dokument (učebnica), súbor vo formáte pdf
|
| 536 |
|
|
|a Projekt: Virtuálna fakulta - dištančné vzdelávanie na FSVaZ UKF v Nitre ITMS: 26110230012
|
| 538 |
|
|
|a Technické požiadavky: PDF prehliadač
|
| 650 |
0 |
7 |
|a manažment
|2 SNKPH
|9 922
|
| 650 |
0 |
7 |
|a Management
|2 SNKPHeng
|9 265406
|
| 655 |
|
7 |
|a elektronické zdroje
|2 SNKPH
|9 90954
|
| 655 |
|
7 |
|a DVD-ROM
|2 SNKPH
|9 113904
|
| 655 |
|
7 |
|a učebnice vysokých škôl
|2 SNKPH
|9 70191
|
| 655 |
|
7 |
|a Electronic resources
|2 SNKPHeng
|9 175546
|
| 655 |
|
7 |
|a Textbooks (higher)
|2 SNKPHeng
|9 276436
|
| 919 |
|
|
|a 978-80-558-0255-8
|
| 958 |
|
|
|a NB
|
| 999 |
|
|
|c 1011913
|d 1013843
|
| 952 |
|
|
|a SNK
|b SNK
|y NEVYP
|7 1
|p 17A1104354
|o snkSDVD 1792
|i snk2014/4156
|8 0
|0 0
|1 0
|4 0
|d 2014-02-11
|l 0
|r 2026-02-24 12:56:36
|w 2026-02-24
|
| 952 |
|
|
|t snkZAK 005
|a SNKMST
|b SNKMST
|y PREZ
|7 0
|p 17A1104353
|o snkSDVD 1792 D1
|i snk2014/4157
|8 0
|0 0
|1 0
|4 0
|d 2014-02-11
|l 0
|r 2025-08-11 00:00:00
|w 2026-02-24
|